Normal view
MARC view
- Heimgartner, Nicole M.,
Entry Personal Name
001 - CONTROL NUMBER
- control field: 5870
003 - CONTROL NUMBER IDENTIFIER
- control field: URS
005 - DATE AND TIME OF LATEST TRANSACTION
- control field: 20240715193357.0
008 - FIXED-LENGTH DATA ELEMENTS
- fixed length control field: 240715|| aca||aabn | a|a d
040 ## - CATALOGING SOURCE
- Original cataloging agency: URS
100 ## - HEADING--PERSONAL NAME
- Personal name: Heimgartner, Nicole M.,
- Relator term: editor.